000 00431nam a22001697a 4500
005 20160523145642.0
008 160523b xxu||||| |||| 00| 0 eng d
020 _a81-7446481-6
041 _aeng
082 _b4417
100 _aBhariho Ke, Deepak
_91080
245 _aFundamental of Information Technology
260 _aNew Delhi
_bAcademic Faundation
300 _a653
650 _aInformation Technology
_9137
942 _cBK
999 _c1471
_d1471